000 00255nam a2200109Ia 4500
005 20251222154309.0
008 251222s9999||||xx |||||||||||||| ||spa||
082 _a868.52/B34A
100 _a"Bécquer, Gustavo Adolfo"
245 0 _aAntología
942 _cLIB
999 _c33322
_d33322